Online
Catalog

El Real Monasterio de Nuestra Señora de Rueda / (Record no. 22723)

MARC details
000 -CABECERA
campo de control de longitud fija 00934nam a2200217 a 4500
001 - NÚMERO DE CONTROL
campo de control 000023226
005 - FECHA Y HORA DE LA ÚLTIMA TRANSACCIÓN
campo de control 20200930022055.0
008 - DATOS DE LONGITUD FIJA--INFORMACIÓN GENERAL
campo de control de longitud fija 101130s1990 sp ab r 000 0 spa d
020 ## - NÚMERO INTERNACIONAL ESTÁNDAR DEL LIBRO
Número Internacional Estándar del Libro 8478200630
040 ## - FUENTE DE LA CATALOGACIÓN
Centro catalogador/agencia de origen DO-SdBNP
Lengua de catalogación spa
Centro/agencia transcriptor BNPHU
082 ## - NÚMERO DE LA CLASIFICACIÓN DECIMAL DEWEY
Número de clasificación NNN
Número de documento/Ítem V355r
049 ## - FONDOS LOCALES (OCLC)
Fondos de biblioteca BNGR
100 1# - ENTRADA PRINCIPAL--NOMBRE DE PERSONA
Nombre de persona Vaubourgoin, Jean Raphaël
9 (RLIN) 47818
245 10 - MENCIÓN DE TÍTULO
Título El Real Monasterio de Nuestra Señora de Rueda /
Mención de responsabilidad, etc. Jean Raphaël Vaubourgoin ; presentación, traducción y nota histórica sobre el Cister por Juan Antonio Gracia.
260 ## - PUBLICACIÓN, DISTRIBUCIÓN, ETC.
Lugar de publicación, distribución, etc. Zaragoza, (España) :
Nombre del editor, distribuidor, etc. Institución Fernando el Católico,
Fecha de publicación, distribución, etc. 1990.
300 ## - DESCRIPCIÓN FÍSICA
Extensión 96, [1] p. :
Otras características físicas il., mapas ;
Dimensiones 22 cm.
490 1# - MENCIÓN DE SERIE
Mención de serie Publicación de la Institución Fernando el Católico
Designación de volumen o secuencia 1235
500 ## - NOTA GENERAL
Nota general Incluye referencias bibliográficas y notas al pie de las páginas.
700 1# - PUNTO DE ACCESO ADICIONAL--NOMBRE DE PERSONA
Nombre de persona Gracia Gimeno, Juan Antonio
Término indicativo de función/relación tr
9 (RLIN) 47819
830 #0 - PUNTO DE ACCESO ADICIONAL DE SERIE-TÍTULO UNIFORME
Título uniforme Publicación de la Institución Fernando el Católico ;
Designación de volumen o secuencia 1235
9 (RLIN) 14666
Holdings
Estado de retiro Estado de pérdida Restricciones de uso No para préstamo Código de colección Localización permanente Ubicación/localización actual Ubicación en estantería Fecha de adquisición Número de inventario Total de préstamos Signatura topográfica completa Código de barras Fecha visto por última vez Precio válido a partir de Tipo de ítem Koha
        Monografías: Libros y Folletos General General En catalogación 30.11.2010 LF1   NNN V355r 23226-10 25.06.2020 25.06.2020 Préstamo en sala

Powered by Koha